000 00633nam a2200181Ia 4500
008 100920s9999 xx 000 0 und d
082 _b65144
_a891.43 थ 91
100 _aप्रभाकर विष्णु.
245 _aएक देश एक हृदय.
260 _bसूचना और प्रसारण मन्त्रालय, भारत सरकार.
_c1991
300 _a132
_bसाधी
365 _b20
520 _aहिंदी.
630 _aएक देश एक हृदय.
650 _aहिंदी.
730 _aएक देश एक हृदय.
942 _cBOOK
999 _c708030
_d708027